The Yuhikaku dictionary of psychology : Shinrigaku jiten
Gardado en:
| Autor Principal: | |
|---|---|
| Formato: | Libro |
| Idioma: | Undetermined |
| Publicado: |
Tōkyō
Yūhikaku
1999
|
| Những chủ đề: | |
| Các nhãn: |
Engadir etiqueta
Sen Etiquetas, Sexa o primeiro en etiquetar este rexistro!
|
| Thư viện lưu trữ: | Trung tâm Học liệu Trường Đại học Cần Thơ |
|---|
| LEADER | 00621nam a2200217Ia 4500 | ||
|---|---|---|---|
| 001 | CTU_236347 | ||
| 008 | 210402s9999 xx 000 0 und d | ||
| 082 | |a 150.354 | ||
| 082 | |b N163 | ||
| 100 | |a Nakajima, Yoshiaki | ||
| 245 | 4 | |a The Yuhikaku dictionary of psychology : | |
| 245 | 0 | |b Shinrigaku jiten | |
| 245 | 0 | |c Yoshiaki Nakajima | |
| 260 | |a Tōkyō | ||
| 260 | |b Yūhikaku | ||
| 260 | |c 1999 | ||
| 650 | |a Psychology,Tâm lý học | ||
| 650 | |x Dictionaries,Từ điển | ||
| 650 | |z Japanese,Người Nhật | ||
| 910 | |b dqhieu | ||
| 980 | |a Trung tâm Học liệu Trường Đại học Cần Thơ | ||